000 05363nab a2200373 4500
003 BR-BrBNA
005 20250827124535.0
008 250827b2022 bl.tr|pooa||| 00| 0 por |
040 _aBR-BrBNA
_bpor
072 _aF08 ; C20 ; E70 ; Q03 ; E14 ; S01
100 _aRibeiro, Maisa Fernandes
100 _aNeves, Ana Paula Nogueira das
100 _aTeles, Simone Pereira
100 _aOliveira, Liomar Borges de
100 _aMomenté, Valéria Gomes
100 _aNascimento, Ildon Rodrigues do
245 _aCultivo orgânico das hortaliças: oportunidades e desafios para os olericultores do estado do Tocantins
500 _aSummaries (En, Pt); 35 ref.; 3 illus.
520 _aOrganic vegetable cultivation: opportunities and challenges for vegetable farming in the state of the To-cantins. Organic food is understood as the entire universe of production, commercialization and consumption of products free from pesticides synthetic chemical fertilizers and transgenics, and which, within the scope of their practices and meanings, aim to respect the environment and maintain the quality of the food. Although these foods are in accordance with a sustainable production system added to the agroecological perspective, the impact of both opportunities and challenges, this type of production echoes in the most different cultural, economic and technological levels of society, involving a series of factors that must be taken into account. Through a documentary analysis through articles, interviews, journalistic articles and other types of information, we list the main challenges and opportunities for vegetable producers in the state of the Tocantins. As timely results, market retraction was glimpsed due to the low supply of these products and the need for environmental awareness linked to the search for a healthier lifestyle. In terms of challenges, the complex market scenario and the need to disseminate production techniques accompanied by specialized technical assistance stand out in particular. Finally, it is observed that in the state of Tocantins the relative production of organic products is still very small, but in the process of expansion. In the case of vegetable production, vegetable growers have a long path of opportunities and challenges to go through, for this it is necessary to support, encourage and integrate different spheres of society with governmental incentives, the performance of educational institutionsand extension, commercial conjecture and change of society's attitude towards the preference for healthier products. Keyworks: organic vegetable, food safety, rural extension
520 _aAlimentos orgânicos são entendidos como todo o universo de produção, comercialização e consumo de produtos isentos de agrotóxicos, pesticidas, fertilizantes sintéticos e químicos, transgênicos, e que, no âmbito das suas práticas e significados, visam respeitar o meio ambiente e manter a qualidade do alimento. Apesar desses alimentos estarem de acordo a um sistema de produção sustentável somados à perspectiva agroecológica, o impacto tanto de oportunidades quanto desafios, deste tipo de produção ecoa nos mais diferentes níveis culturais, econômicos e tecnológicos da sociedade, envolvendo uma série de fatores que devem ser levados em consideração. Através de uma análise documental por meio de artigos, entrevistas, matérias jornalísticas e outros tipos de informações, elencamos os principais desafios e oportunidades dos produtores de olerícolas do estado do Tocantins. Como resultados oportunos foram vislumbrados retração no mercado devido à baixa oferta desses produtos e a necessidade da consciência ambiental atrelada à busca por um estilo de vida mais saudável. Nos desafios, destaca-se especialmente, o cenário mercadológico complexo e a necessidade de difusão de técnicas de produção acompanhada de assistência técnica especializada. Por fim, observa-se que no estado do Tocantins a produção relativa de produtos orgânicos ainda é bem pequena, porém em processo de expansão. No caso da produção de hortaliças, os olericultores têm um longo caminho de oportunidades e desafios a percorrer, para isso é necessário o apoio, incentivo e integração de diferentes esferas da sociedade com incentivos governamentais, atuação das instituições de ensino e extensão, conjectura comercial e mudança de atitude da sociedade quanto a preferência de produtos mais saudáveis. Palavras-chaves: olericultura orgânica, segurança alimentar, extensão rural
650 _aOLERICULTURA
650 _aHORTALIÇAS
650 _aPRODUÇÃO ORGÂNICA
650 _aAGRICULTURA SUSTENTÁVEL
650 _aESCASSEZ DE OFERTA
650 _aASSISTÊNCIA TÉCNICA
650 _aDIFUSÃO DE TECNOLOGIA
650 _aSEGURANÇA ALIMENTAR
650 _aTOCANTINS
773 0 _04944
_9346133
_dUniversidade Federal de Tocantins. Centro de Monitoramento Ambiental e Manejo do Fogo 2010
_o2024-6781
_tJournal of Biotechnology and Biodiversity (Brazil)
_x2179-4804
_gv. 10(3) p. 243-249; (2022)
_wBR2025002104
856 _uhttps://sistemas.uft.edu.br/periodicos/index.php/JBB/article/view/13991/20586
942 _cANA
999 _c337838
_d337838